000 00462 a2200145 4500
999 _c8788
_d8788
020 _a9781784713539
050 _aK3820ELG2017
100 _aCottier, Thomas
245 _aElgar Encyclopedia of international economic law /
_cedited by Thomas Cottier and Krista Nadakavukaren Schefer
264 _aCheltenham
_bEdward Elgar Publishing
_c2017
300 _a683p.
500 _aInclude index
650 _aEncyclopedia---economic law
942 _2lcc
_cBK
_h3820
_iELG
_kK